000
00306nam a22001217a 4500
005
20250722171022.0
008
250722b |||||||| |||| 00| 0 eng d
050
_a
REF AE3
_b
WOR
245
_a
THE WORLD BOOK ENCYCLOPEDIA
260
_a
CHICAGO
_b
WORLD BOOK, INC.
_c
c2001
300
_a
894p
942
_2
lcc
_c
BK
_n
0
999
_c
7103
_d
7103